[Event "Verbandsliga Suedbaden 2223"]
[Site "Germany"]
[Date "2023.02.12"]
[Round "6.4"]
[White "Schulz, Vladimir"]
[Black "Steiger, Wolfgang"]
[Result "0-1"]
[WhiteElo "2119"]
[BlackElo "2276"]
[PlyCount "54"]
[EventDate "2022.09.25"]
[EventType "team-tourn"]
[EventRounds "9"]
[EventCountry "GER"]
[SourceTitle "EXT 2024"]
[Source "ChessBase"]
[SourceDate "2023.10.10"]
[SourceVersion "1"]
[SourceVersionDate "2023.10.10"]
[SourceQuality "1"]
[WhiteTeam "Baden-Baden IV"]
[BlackTeam "Gottmadingen"]
[WhiteTeamCountry "GER"]
[BlackTeamCountry "GER"]

1. e4 c5 2. c3 d5 3. exd5 Qxd5 4. d4 Nc6 5. Nf3 Bg4 6. Be2 cxd4 7. cxd4 e5 8. Nc3 Qa5 9. h3 Bh5 10. 0-0 Nf6 11. Be3 Be7 12. a3 0-0 13. b4 Qd8 14. g4 Bg6 15. b5 Na5 16. Nxe5 Rc8 17. Nxg6 hxg6 18. Na4 Nd5 19. Qd3 Nc4 20. Rfc1 Ncxe3 21. Rxc8 Qxc8 22. fxe3 Qc7 23. Kh1 Qg3 24. e4 Ne3 25. Bf1 Rc8 26. Nc5 b6 27. Nb3 Nxf1 0-1

[Event "Verbandsliga Suedbaden 2223"]
[Site "Germany"]
[Date "2022.12.04"]
[Round "4.5"]
[White "Steiger, Wolfgang"]
[Black "Schwabik, Bruno"]
[Result "1-0"]
[WhiteElo "2276"]
[BlackElo "1988"]
[PlyCount "87"]
[EventDate "2022.09.25"]
[EventType "team-tourn"]
[EventRounds "9"]
[EventCountry "GER"]
[SourceTitle "EXT 2024"]
[Source "ChessBase"]
[SourceDate "2023.10.10"]
[SourceVersion "1"]
[SourceVersionDate "2023.10.10"]
[SourceQuality "1"]
[WhiteTeam "Gottmadingen"]
[BlackTeam "Wiehre"]
[WhiteTeamCountry "GER"]
[BlackTeamCountry "GER"]

1. Nf3 g6 2. c4 Bg7 3. Nc3 c5 4. g3 Nc6 5. Bg2 Nf6 6. d4 cxd4 7. Nxd4 0-0 8. Nc2 d6 9. 0-0 Bd7 10. Bg5 Na5 11. b3 h6 12. Bd2 Bc6 13. e4 e6 14. Qe1 b6 15. Rd1 Qc7 16. Nd4 a6 17. Qe2 Bb7 18. Nc2 Rfd8 19. Ne3 Rd7 20. Rc1 Nc6 21. Rfd1 Rad8 22. Be1 Rb8 23. f4 Qd8 24. Bf2 Nh5 25. Qd3 Nb4 26. Qb1 d5 27. cxd5 Bxc3 28. Rxc3 exd5 29. exd5 Nxd5 30. Nxd5 Bxd5 31. Rcd3 Nf6 32. Bd4 Bxg2 33. Bxf6 Qxf6 34. Rxd7 Bh3 35. R7d6 Qc3 36. Qd3 Qc5+ 37. Qd4 Qc2 38. Qf2 Qc7 39. R6d2 Bg4 40. Re1 b5 41. Qd4 Bh3 42. Rde2 Qb7 43. Re8+ Kh7 44. Qh8# 1-0

[Event "Verbandsliga Suedbaden 2122"]
[Site "Baden"]
[Date "2022.03.13"]
[Round "7.5"]
[White "Steiger, Wolfgang"]
[Black "Metz, Uli"]
[Result "1/2-1/2"]
[WhiteElo "2274"]
[BlackElo "1985"]
[PlyCount "40"]
[EventDate "2021.10.10"]
[EventType "team-tourn"]
[EventRounds "9"]
[EventCountry "GER"]
[SourceTitle "EXT 2023"]
[Source "ChessBase"]
[SourceDate "2022.10.05"]
[SourceVersion "1"]
[SourceVersionDate "2022.10.05"]
[SourceQuality "1"]
[WhiteTeam "Gottmadingen"]
[BlackTeam "Sasbach"]
[WhiteTeamCountry "GER"]
[BlackTeamCountry "GER"]

1. Nf3 g6 2. g3 Bg7 3. Bg2 d5 4. 0-0 Nf6 5. d4 0-0 6. b3 b6 7. c4 c6 8. Bb2 Ba6 9. Nbd2 Nbd7 10. Ne5 Rc8 11. Rc1 e6 12. Nxd7 Qxd7 13. Re1 Rfd8 14. e3 Qe7 15. cxd5 cxd5 16. Rxc8 Rxc8 17. Qb1 Qd7 18. Rc1 Rxc1+ 19. Qxc1 Qc8 20. Qxc8+ Bxc8 1/2-1/2

[Event "Verbandsliga Suedbaden 2122"]
[Site "Baden"]
[Date "2021.10.10"]
[Round "1.1"]
[White "Merkel, Markus"]
[Black "Steiger, Wolfgang"]
[Result "1-0"]
[WhiteElo "2148"]
[BlackElo "2274"]
[PlyCount "105"]
[EventDate "2021.10.10"]
[EventType "team-tourn"]
[EventRounds "9"]
[EventCountry "GER"]
[SourceTitle "EXT 2023"]
[Source "ChessBase"]
[SourceDate "2022.10.05"]
[SourceVersion "1"]
[SourceVersionDate "2022.10.05"]
[SourceQuality "1"]
[WhiteTeam "Heitersheim"]
[BlackTeam "Gottmadingen"]
[WhiteTeamCountry "GER"]
[BlackTeamCountry "GER"]

1. d4 d5 2. Nf3 Nf6 3. g3 c5 4. Bg2 cxd4 5. 0-0 Nbd7 6. Qxd4 e6 7. c4 Bc5 8. Qc3 0-0 9. Bg5 Qb6 10. Qc2 Ne4 11. Nc3 Bxf2+ 12. Kh1 Nxc3 13. bxc3 h6 14. Rab1 Qc5 15. Rb5 Qc6 16. Rxf2 hxg5 17. Nxg5 f5 18. Nxe6 Nf6 19. Nxf8 Kxf8 20. Bxd5 Nxd5 21. Rxd5 Be6 22. Rfxf5+ Bxf5 23. Qxf5+ Kg8 24. Qd7 Qg6 25. Rf5 Kh7 26. Qd3 Qc6+ 27. Qd5 Rd8 28. Qxc6 bxc6 29. Kg2 Rd2 30. Kf2 Rxa2 31. Rc5 Ra6 32. Ke3 Kg6 33. Kd4 Kf6 34. h4 Ke6 35. e4 g6 36. Rg5 Kf6 37. e5+ Kf7 38. Kc5 Ra3 39. Kd6 Rxc3 40. e6+ Kf6 41. Rg4 a5 42. Rf4+ Kg7 43. e7 Rd3+ 44. Kxc6 Re3 45. Kd7 Rd3+ 46. Ke6 Re3+ 47. Kd6 Rd3+ 48. Ke5 Re3+ 49. Re4 Rxe4+ 50. Kxe4 Kf7 51. g4 Kxe7 52. h5 gxh5 53. gxh5 1-0

[Event "Verbandsliga Suedbaden 1920"]
[Site "Baden"]
[Date "2020.02.02"]
[Round "5.2"]
[White "Steiger, Wolfgang"]
[Black "Schuh, Hubert"]
[Result "1/2-1/2"]
[WhiteElo "2274"]
[BlackElo "2292"]
[PlyCount "62"]
[EventDate "2019.09.29"]
[EventType "team-tourn"]
[EventRounds "9"]
[EventCountry "GER"]
[SourceTitle "EXT 2021"]
[Source "ChessBase"]
[SourceDate "2020.10.23"]
[SourceVersion "1"]
[SourceVersionDate "2020.10.23"]
[SourceQuality "1"]
[WhiteTeam "Gottmadingen"]
[BlackTeam "Kuppenheim"]
[WhiteTeamCountry "GER"]
[BlackTeamCountry "GER"]

1. c4 Nf6 2. Nc3 e5 3. Nf3 d6 4. d4 Nbd7 5. e4 Be7 6. Be2 0-0 7. 0-0 c6 8. h3 a6 9. Be3 b5 10. a3 Bb7 11. Qc2 Qb8 12. Rfd1 a5 13. b4 axb4 14. axb4 Rxa1 15. Rxa1 bxc4 16. dxe5 dxe5 17. Rb1 Ba8 18. Qa4 h6 19. Nd2 Bd8 20. Nxc4 Nb6 21. Qa2 Nxc4 22. Bxc4 Be7 23. Bc5 Qc7 24. Bxf7+ Rxf7 25. Qxa8+ Kh7 26. Qa2 Bxc5 27. bxc5 Qe7 28. Qc4 Rf8 29. Ne2 Ra8 30. Re1 Ra5 31. Ng3 Rxc5 1/2-1/2

[Event "Verbandsliga Suedbaden 1920"]
[Site "Baden"]
[Date "2020.01.12"]
[Round "4.2"]
[White "Wittke, Christian"]
[Black "Steiger, Wolfgang"]
[Result "0-1"]
[WhiteElo "2130"]
[BlackElo "2274"]
[PlyCount "74"]
[EventDate "2019.09.29"]
[EventType "team-tourn"]
[EventRounds "9"]
[EventCountry "GER"]
[SourceTitle "EXT 2021"]
[Source "ChessBase"]
[SourceDate "2020.10.23"]
[SourceVersion "1"]
[SourceVersionDate "2020.10.23"]
[SourceQuality "1"]
[WhiteTeam "Dreilaendereck II"]
[BlackTeam "Gottmadingen"]
[WhiteTeamCountry "GER"]
[BlackTeamCountry "GER"]

1. d4 d5 2. c4 dxc4 3. Nf3 Nf6 4. e3 Bg4 5. Bxc4 e6 6. Nc3 Nbd7 7. h3 Bh5 8. 0-0 Bd6 9. e4 e5 10. g4 Bg6 11. Re1 0-0 12. dxe5 Nxe5 13. Nxe5 Bxe5 14. Qxd8 Rfxd8 15. f4 Bxc3 16. bxc3 Bxe4 17. g5 Bd5 18. Bd3 Bc6 19. Bf5 Nd5 20. c4 Nb6 21. c5 Nd5 22. Bd2 Bd7 23. Be4 Bxh3 24. f5 c6 25. Kh2 Bg4 26. Kg3 Bh5 27. Rab1 b6 28. Rh1 g6 29. f6 Nxf6 30. gxf6 Rxd2 31. Bxc6 Rc8 32. cxb6 axb6 33. Rxb6 Rd3+ 34. Kf4 Rd6 35. Rc1 Rxf6+ 36. Kg5 Kg7 37. Rc2 Bf3 0-1

[Event "Verbandsliga Suedbaden 1819"]
[Site "Baden"]
[Date "2018.12.02"]
[Round "3.4"]
[White "Steiger, Wolfgang"]
[Black "Lang, Alexander"]
[Result "1-0"]
[WhiteElo "2271"]
[BlackElo "2032"]
[PlyCount "89"]
[EventDate "2018.10.14"]
[EventType "team-tourn"]
[EventRounds "9"]
[EventCountry "GER"]
[SourceTitle "EXT 2020"]
[Source "ChessBase"]
[SourceDate "2019.10.17"]
[SourceVersion "1"]
[SourceVersionDate "2019.10.17"]
[SourceQuality "1"]
[WhiteTeam "Gottmadingen"]
[BlackTeam "Oberwinden"]
[WhiteTeamCountry "GER"]
[BlackTeamCountry "GER"]

1. c4 e6 2. Nf3 Nf6 3. g3 d5 4. Bg2 dxc4 5. 0-0 c5 6. Na3 Be7 7. Nxc4 0-0 8. d3 Nbd7 9. Bd2 Re8 10. Qb3 Bf8 11. a4 Qc7 12. Rac1 Rb8 13. d4 Nh5 14. dxc5 Nxc5 15. Qa2 Bd7 16. Nfe5 Qd8 17. Nxd7 Nxd7 18. Rfd1 Qe7 19. Be3 b6 20. a5 Nhf6 21. axb6 axb6 22. Qb3 Qb4 23. Qxb4 Bxb4 24. Bc6 Re7 25. Bxd7 Rxd7 26. Nxb6 Rdb7 27. Nc4 Nd5 28. Bd4 f6 29. e4 Ne7 30. Bc3 Bc5 31. Kg2 Kf8 32. Rd2 f5 33. Re1 Kf7 34. Ne5+ Kg8 35. exf5 Nxf5 36. Nd7 Rc8 37. Nxc5 Rxc5 38. Rxe6 Kf7 39. Re4 g6 40. Rd8 Re7 41. Rf4 g5 42. Rf3 g4 43. Rf4 Re2 44. Kf1 Rc2 45. Rxg4 1-0

[Event "Verbandsliga Suedbaden 1718"]
[Site "Baden"]
[Date "2018.03.11"]
[Round "7.3"]
[White "Zeiler, Klaus"]
[Black "Steiger, Wolfgang"]
[Result "1/2-1/2"]
[WhiteElo "2070"]
[BlackElo "2268"]
[PlyCount "45"]
[EventDate "2017.10.08"]
[EventType "team-tourn"]
[EventRounds "9"]
[EventCountry "GER"]
[SourceTitle "EXT 2019"]
[Source "ChessBase"]
[SourceDate "2018.10.10"]
[SourceVersion "1"]
[SourceVersionDate "2018.10.10"]
[SourceQuality "1"]
[WhiteTeam "Pfullendorf"]
[BlackTeam "Gottmadingen"]
[WhiteTeamCountry "GER"]
[BlackTeamCountry "GER"]

1. d4 d5 2. e3 Nf6 3. Nf3 Bg4 4. h3 Bh5 5. c4 e6 6. Qb3 Bxf3 7. gxf3 Nbd7 8. cxd5 exd5 9. Nc3 Nb6 10. Bd2 Be7 11. a4 a5 12. Rc1 0-0 13. Bd3 Re8 14. Ne2 Bd6 15. Ng3 g6 16. 0-0 h5 17. Qc2 Qd7 18. Kg2 Kg7 19. e4 h4 20. Ne2 dxe4 21. fxe4 Bb4 22. Bg5 Rac8 23. b3 1/2-1/2

[Event "Verbandsliga Suedbaden 1617"]
[Site "Baden"]
[Date "2017.02.12"]
[Round "6.2"]
[White "Merkel, Gerd"]
[Black "Steiger, Wolfgang"]
[Result "0-1"]
[WhiteElo "2142"]
[BlackElo "2280"]
[PlyCount "70"]
[EventDate "2016.10.09"]
[EventType "team-tourn"]
[EventRounds "9"]
[EventCountry "GER"]
[SourceTitle "EXT 2022"]
[Source "ChessBase"]
[SourceDate "2021.10.06"]
[SourceVersion "1"]
[SourceVersionDate "2021.10.06"]
[SourceQuality "1"]
[WhiteTeam "Hoerden"]
[BlackTeam "Gottmadingen"]
[WhiteTeamCountry "GER"]
[BlackTeamCountry "GER"]

1. d4 d5 2. c4 dxc4 3. Nf3 Nf6 4. e3 Bg4 5. Bxc4 e6 6. h3 Bh5 7. g4 Bg6 8. Ne5 Be4 9. f3 Bd5 10. Bxd5 exd5 11. Nc3 c6 12. Bd2 Nfd7 13. Nd3 Bd6 14. Qe2 Na6 15. 0-0-0 0-0 16. Kb1 b5 17. e4 b4 18. Na4 Qa5 19. b3 Rfe8 20. Rc1 Rac8 21. Bf4 Bf8 22. Ne5 Nxe5 23. dxe5 d4 24. Bg3 c5 25. f4 Nc7 26. f5 Nb5 27. Ka1 Nc3 28. Nxc3 bxc3 29. e6 fxe6 30. fxe6 Be7 31. Rhf1 Rc6 32. Qc4 Ra6 33. Rc2 Qb6 34. Bh4 Qxe6 35. Qb5 Bxh4 0-1

[Event "Verbandsliga Suedbaden 1516"]
[Site "Baden"]
[Date "2016.03.20"]
[Round "8.2"]
[White "Steiger, Wolfgang"]
[Black "Scherer, Helmut"]
[Result "1-0"]
[WhiteElo "2272"]
[BlackElo "2278"]
[PlyCount "51"]
[EventDate "2015.09.27"]
[EventType "team-tourn"]
[EventRounds "9"]
[EventCountry "GER"]
[SourceTitle "EXT 2022"]
[Source "ChessBase"]
[SourceDate "2021.10.06"]
[SourceVersion "1"]
[SourceVersionDate "2021.10.06"]
[SourceQuality "1"]
[WhiteTeam "Gottmadingen"]
[BlackTeam "Zaehringen"]
[WhiteTeamCountry "GER"]
[BlackTeamCountry "GER"]

1. c4 b6 2. Nf3 Bb7 3. g3 Bxf3 4. exf3 c5 5. d4 Nc6 6. d5 Nd4 7. Be3 Nf5 8. Bd3 g6 9. Bxf5 gxf5 10. Qd3 Bg7 11. Nc3 e6 12. 0-0-0 Nf6 13. g4 fxg4 14. Rdg1 Kf8 15. fxg4 h5 16. gxh5 Rxh5 17. Bg5 exd5 18. Nxd5 Rxg5 19. Rxg5 Bh6 20. f4 Bxg5 21. fxg5 Ng8 22. h4 Rc8 23. Rf1 Rc6 24. Qh7 Qe8 25. g6 f6 26. g7+ 1-0

[Event "Verbandsliga Suedbaden 1415"]
[Site "Baden"]
[Date "2015.03.01"]
[Round "7.2"]
[White "Schlindwein, Rolf"]
[Black "Steiger, Wolfgang"]
[Result "0-1"]
[WhiteElo "2410"]
[BlackElo "2314"]
[PlyCount "74"]
[EventDate "2014.10.12"]
[EventType "team-tourn"]
[EventRounds "9"]
[EventCountry "GER"]
[SourceTitle "EXT 2022"]
[Source "ChessBase"]
[SourceDate "2021.10.06"]
[SourceVersion "1"]
[SourceVersionDate "2021.10.06"]
[SourceQuality "1"]
[WhiteTeam "Baden Baden IV"]
[BlackTeam "Gottmadingen"]
[WhiteTeamCountry "GER"]
[BlackTeamCountry "GER"]

1. d4 d5 2. Bf4 Nf6 3. e3 g6 4. h3 Bg7 5. Nf3 0-0 6. c3 b6 7. Nbd2 c5 8. Qa4 Bb7 9. Be2 Nc6 10. 0-0 Nd7 11. b4 e5 12. Bg5 f6 13. Bh4 e4 14. Ne1 Ne7 15. Bg3 c4 16. f3 Bh6 17. Nc2 Nf5 18. Bf2 exf3 19. Bxf3 Qc7 20. Bg4 Rf7 21. Bxf5 gxf5 22. Nf3 Nf8 23. Nh4 Bc8 24. Ne1 Ng6 25. Nef3 Bd7 26. Qc2 Ne7 27. Kh1 Kh8 28. Bg1 Rg8 29. Bh2 Qc8 30. Bf4 Qf8 31. Rae1 Qg7 32. Bd6 Nc8 33. Bh2 Ne7 34. Re2 Re8 35. Bf4 Kg8 36. Rfe1 Bg5 37. Bd6 Nc8 0-1

[Event "Verbandsliga Sued Baden 1112"]
[Site "Germany"]
[Date "2011.12.11"]
[Round "4.3"]
[White "Steiger, Wolfgang"]
[Black "Zollinger, Stefan"]
[Result "1-0"]
[WhiteElo "2280"]
[BlackElo "2139"]
[PlyCount "119"]
[EventDate "2011.10.09"]
[EventType "team-tourn"]
[EventRounds "9"]
[EventCountry "GER"]
[SourceTitle "EXT 2013"]
[Source "ChessBase"]
[SourceDate "2012.11.22"]
[SourceVersion "1"]
[SourceVersionDate "2012.11.22"]
[SourceQuality "1"]
[WhiteTeam "Gottmadingen"]
[BlackTeam "Engen"]
[WhiteTeamCountry "GER"]
[BlackTeamCountry "GER"]

1. Nf3 Nf6 2. c4 e6 3. Nc3 Bb4 4. Qb3 c5 5. g3 Nc6 6. Bg2 0-0 7. a3 Ba5 8. 0-0 Re8 9. d3 d5 10. Bg5 Bxc3 11. Qxc3 d4 12. Qc2 e5 13. Rab1 a5 14. b3 h6 15. Bd2 e4 16. dxe4 Nxe4 17. Nh4 Qe7 18. Rfe1 g5 19. Bxe4 Qxe4 20. Qxe4 Rxe4 21. Nf3 Bg4 22. Kg2 Rae8 23. e3 Bxf3+ 24. Kxf3 b6 25. Kg2 Kh7 26. h3 Kg6 27. Red1 h5 28. exd4 Nxd4 29. b4 a4 30. Be3 Nb3 31. Rd6+ R8e6 32. bxc5 bxc5 33. Rd5 f6 34. Bxc5 Rxc4 35. Bb4 Rc2 36. Rd3 g4 37. hxg4 hxg4 38. Rc3 Rxc3 39. Bxc3 Rd6 40. Re1 Nd2 41. Bxd2 Rxd2 42. Re4 Kg5 43. Rxa4 Rd1 44. Ra8 Ra1 45. a4 Kf5 46. a5 Ke6 47. a6 Ke5 48. Ra7 Kd6 49. Ra8 Kc7 50. a7 f5 51. Rf8 Rxa7 52. Rf7+ Kb6 53. Rxa7 Kxa7 54. f3 Kb6 55. fxg4 fxg4 56. Kf2 Kc5 57. Ke3 Kd5 58. Kf4 Ke6 59. Kxg4 Kf6 60. Kh5 1-0

[Event "Verbandsliga Sued Baden 1112"]
[Site "Germany"]
[Date "2011.10.09"]
[Round "1.2"]
[White "Steiger, Wolfgang"]
[Black "Dobschat, Benjamin"]
[Result "1/2-1/2"]
[WhiteElo "2280"]
[BlackElo "2092"]
[PlyCount "38"]
[EventDate "2011.10.09"]
[EventType "team-tourn"]
[EventRounds "9"]
[EventCountry "GER"]
[SourceTitle "EXT 2013"]
[Source "ChessBase"]
[SourceDate "2012.11.22"]
[SourceVersion "1"]
[SourceVersionDate "2012.11.22"]
[SourceQuality "1"]
[WhiteTeam "Gottmadingen"]
[BlackTeam "Offenburg"]
[WhiteTeamCountry "GER"]
[BlackTeamCountry "GER"]

1. c4 e5 2. Nc3 Nf6 3. Nf3 Nc6 4. d3 d5 5. cxd5 Nxd5 6. g3 Be7 7. Bg2 0-0 8. 0-0 Be6 9. Bd2 Qd7 10. Re1 f6 11. Rc1 Rac8 12. Na4 Rfd8 13. Nc5 Bxc5 14. Rxc5 Nce7 15. b4 b6 16. Rc1 c5 17. bxc5 bxc5 18. Ba5 Nb6 19. Qc2 c4 1/2-1/2

[Event "Verbandsliga Sued Baden 0809"]
[Site "Germany"]
[Date "2008.09.28"]
[Round "1.1"]
[White "Steiger, Wolfgang"]
[Black "Szenetra, Werner"]
[Result "1-0"]
[WhiteElo "2312"]
[BlackElo "2270"]
[PlyCount "65"]
[EventDate "2008.09.28"]
[EventType "team"]
[EventRounds "9"]
[EventCountry "GER"]
[SourceTitle "EXT 2010"]
[Source "ChessBase"]
[SourceDate "2010.11.25"]
[SourceVersion "1"]
[SourceVersionDate "2010.11.25"]
[SourceQuality "1"]
[WhiteTeam "Rastatt"]
[BlackTeam "Gottmadingen"]
[WhiteTeamCountry "GER"]
[BlackTeamCountry "GER"]

1. c4 g6 2. Nc3 Bg7 3. Nf3 d6 4. g3 e5 5. d4 Nd7 6. Bg2 Ngf6 7. 0-0 0-0 8. h3 exd4 9. Nxd4 Nc5 10. b3 Re8 11. Bb2 Nfe4 12. Nxe4 Nxe4 13. Qc2 Qe7 14. e3 Bd7 15. Rad1 Rad8 16. Nb5 c6 17. Bxg7 Kxg7 18. Nc7 Rf8 19. Qxe4 Qxe4 20. Bxe4 Bxh3 21. Rfe1 Rc8 22. Nd5 cxd5 23. Rxd5 Rfe8 24. Bf3 Re6 25. Ra5 b6 26. Rxa7 Rf6 27. Bd5 Rb8 28. a4 h5 29. Rd1 h4 30. gxh4 Rh8 31. Rd4 Bf5 32. Rf4 Re8 33. Rb7 1-0